000 00403nam a2200157Ia 4500
005 20241216112522.0
008 231217s9999 xx 000 0 und d
020 _a9788129702234
082 _a658.4012 DAV;2 R
100 _aDavid, Fred R.
245 0 _aStrategic management : concepts and cases
250 _a9th ed.
260 _c2003
_bPearson
_aNew Delhi
300 _axxxii+461
942 _cAA
999 _c182124
_d182124